000 00815nam a2200241Ia 4500
003 OSt
005 20250808124704.0
008 191128t2012 ck a cr 000 j spa d
020 _a9789585731790
040 _aCO-JMCR
_cCO-JMCR
041 0 _aspa
082 0 4 _aC
_bCOLa
100 1 _aCollodi, Carlo,
_d1826-1890
_eautor
_92434
245 1 4 _aLas aventuras de pinocho :
_bhistoria de una marioneta /
_cCarlo Collodi ; traducción Fredy Ordóñez
250 _aPrimera edición
260 _aBogotá :
_bAlcaldía Mayor de Bogotá : Instituto Distrital de las Artes Idartes,
_c©2012
300 _a213 páginas ;
_c17 cm.
490 0 _aLibro al viento inicial
521 _aRecomendado para niños de 13 años.
650 1 4 _aCuentos
_92435
700 _aOrdóñez, Fredy,
_etraductor
_92436
942 _2ddc
_cBK
999 _c3747
_d3747